000 00354cam a2200145ua 4500
041 _aeng
_h
082 _a822
_bWIL/LA
100 _aWilde, Oscar .
245 _aLady windermere`s fan /
_cOscar wilde.
_hTextual Documents
260 _aLondon :
_bMethuen and Co. Ltd ,
_c1960.
300 _a72 ; .
504 _a
942 _cBK
999 _c12658
_d12658